| 000 | 00909nam a22002297a 4500 | ||
|---|---|---|---|
| 999 |
_c22368 _d22368 |
||
| 003 | AR-CdUCM | ||
| 008 | 190225b ||||| |||| 00| 0 spa d | ||
| 020 | _a9786124647697 | ||
| 040 |
_aMUNICIPALIDAD PROVINCIAL DEL CUSCO _cBIBLIOTECA MUNICIPAL DEL CUSCO |
||
| 082 |
_a498.518/H42 _bH42 |
||
| 100 |
_aHermoza Gutiérrez, Fernando _947289 |
||
| 245 |
_aLengua de los inkas : _bquechua / _cFernando Hermoza Gutiérrez |
||
| 260 |
_aLima : _bArgos, _c2019. |
||
| 300 |
_a300 páginas. : _bilustraciones. (algunas color.), retratos. ; _c24 cm. |
||
| 500 | _zBibliografía: páginas. 299-300. | ||
| 505 | _aContenido: Alfabeto quechua y lecto escritura. -- Usos sociales del quechua. -- Gramática quechua. -- Morfología quechua. -- Antología quechua. ... | ||
| 650 |
_aLengua quechua _947944 |
||
| 650 |
_aEstudio y enseñanza _92610 |
||
| 650 |
_aGramática _99175 |
||
| 942 |
_2ddc _cLIBROS |
||
| 945 | _aRoel | ||